| 000 | 00558nam a2200205 a 4500 | ||
|---|---|---|---|
| 001 | 83538 | ||
| 003 | BD-RjUL | ||
| 005 | 20240418143333.0 | ||
| 008 | 240418s1910 enk 000 1 eng | ||
| 035 | _a(BD-RjUL)83538 | ||
| 040 |
_aDLC _cViU _dOCoLC _dDLC _dBD-RjUL _beng |
||
| 041 | _aeng | ||
| 082 |
_223 _a823 _bSNM 1910 |
||
| 100 | 1 |
_aSnaith, J. C. _q(John Collis), _d1876-1936. _912624 |
|
| 245 | 1 | 0 |
_aMrs. Fitz / _cby J.C. Snaith |
| 260 |
_aLondon : _bsmihelder & co., _c1910. |
||
| 300 |
_a350 p.; _c20 cm. |
||
| 650 | _aEnglish fiction | ||
| 942 |
_2ddc _cBK |
||
| 999 |
_c83538 _d83538 |
||